| 000 | 00837nam a2200265 a 4500 | ||
|---|---|---|---|
| 001 | BRCA_7943 | ||
| 005 | 20190320210049.0 | ||
| 008 | 100314s1969----u--a###f##---#000-0#eng-# | ||
| 041 | _aeng | ||
| 044 | _au | ||
| 050 | 4 |
_aNK4670 _b.F76 _c1969 |
|
| 100 | 1 |
_aWilson Frothingham, Alice _919675 |
|
| 245 | 1 | 0 |
_aTile panels of Spain _b1500-1650 _cby Alice Wilson Frothingham. |
| 260 |
_aNew York _bHispanic Society of America _c1969 |
||
| 300 |
_aXV, 106 p. _bil., 183 láminas _c26 cm |
||
| 440 | 0 |
_aPeninsular series _919676 |
|
| 500 | _a3035 | ||
| 500 | _aEjemplar igual a 3108 | ||
| 500 | _aDedicatoria de la autora al señor Franz Mayer | ||
| 650 | 1 | 4 |
_aAzulejos españoles _y1500-1650 _919677 |
| 650 | 1 | 4 |
_aCerámica _vHistoria _zEspaña _919678 |
| 650 | 1 | 4 |
_aCerámica _vDecoración _zEspaña _919679 |
| 902 | _aGFM | ||
| 942 |
_2lcc _cB |
||
| 999 |
_c7612 _d7612 |
||